000 00937nam a2200265Ia 4500
003 OSt
005 20221005103932.0
006 a|||||r|||| 00| 0
007 ta
008 221004b |||||||| |||| 00| 0 san d
020 _a9789380292274 (hbk)
_c725
024 _a120520
037 _b350, 17/12/2011, Eastern Book Linkers
_cTextual
040 _aCRL
_cCRL
_bsan
041 _2san
_asan
082 _aQ41:223, 152Q0.2
100 _aकाश्यप, जगदीश, अनु.
245 0 _aसंयुक्त - निकाय
246 _aSanyukta - nikāya
260 _aदिल्ली
_bगौतम बुक सेन्टर भारत
_c2010
490 _vभाग 1
650 _aधर्मशास्त्र
942 _hQ41:223, 152Q0.2
_cTEXL
_2cc
999 _c1011329
_d1011329